01462cam a22001937a 4500020001500000040000800015082002600023245013400049260007600183300004800259490004700307500004900354520072600403650002001129650001701149650001601166650002501182710006101207 a9251052174 cFQG00a631 FOO 2004 A091 Or.10aSeed multiplication by resource-limited farmers :bproceedings of the Latin American Workshop, Goiâna, Brazil, 7-11 April 2003. aRome :bFood and Agriculture Organization of the United Nations,c2004. axii, 86 p. :bcol. ill., col. map ;c30 cm.1 aFAO plant production and protection paper, a"TC/M/Y5706E/1/11.04/1350"--P. [4] of cover. aFAO, through its Seed and Plant Genetics Resources Service, is conducting a series of workshops to generate ideas, develop methodologies and facilitate initiatives aimed at strengthening on-farm seed multiplication (the informal seed system), thereby addressing the seed security needs of smallholder farmers. The informal seed system in Latin America receives inadequate attention from policy-makers. FAO organized the Latin American Workshop on Seed Multiplication by Resource-limited Farmers to identify the major constraints facing on-farm seed production and the groups of resource-limited farmers to be targeted, and to propose solutions for increasing the availability of good quality seed to small-holder farmers. 0aSeed technology 0aFarms, Small 0aSeed supply 0aInternational relief2 aFood and Agriculture Organization of the United Nations.